000 00744nam a2200217Ia 4500
001 9427
003 GE_BSU
008 181216s||||||||xx |||||||||||||| ||und||
040 _cGE_BSU
080 _a821.353.1–32+821.353.1-31
100 _aმალაქიაშვილი,ვარლამ
245 _aთხზულებანი
245 _bმოთხრობები,რომანი
245 _cრედ.ნ.კანდელაკი,მხატვ.დ.დუნდუა
260 _aთბილისი
260 _bსაბჭოთა საქართველო
260 _c1970
300 _a527გვ.1ფ.პორტრ.21სმ.
653 _aთხზულებანი
942 _cBK
999 _c42721
_d42721